000 01745nam a22002657a 4500
008 170715s2002 cr||||| |||| 00| 0 eng d
020 _a9968899070
082 0 4 _a708
_bT314d
110 1 _aTEOR/ética.
_95471
245 1 3 _aDo it /
_cTEOR/ética ; curaduría Hans-Ulrich Obrist, Virginia Pérez Ratton y Tamara Díaz Bringas.
246 2 1 _aHágalo.
250 _a1a edición.
260 _aSan José, Costa Rica :
_bTEOR/ética,
_c2002.
300 _a68 páginas.
505 0 _tInstrucciones para asistir a la inaguración de DO IT en TEOR/ética
_rPaz Fábrega.
_tDo it: exposición entre lo real y lo virtual, entre la repetición y la diferencia
_rHans-Ulrich Obrist.
_tDO IT (Hágalo) en TEOR/ética
_rVirginia Pérez-Ratton.
_tAlgunos fragmentos de la historia del arte "hágalo usted mismo"
_rHans-Ulrich Obrist.
_tDo it en TEOR/ética
_rA 153167 (Aníbal López), Marina Abramovic, Michel Blazy, Christian Boltanski, Minerva Cuevas, Hans-Peter Feldmann, Claudia Fernández, Dominique González-Foerster, Félix González-Torres, Joseph Grigely, Fabio Herrera, Federico Herrero, Marisel Jiménez, Bertrand Lavier, Sol LeWitt, Cildo Meireles, Xenia Mejía, Priscilla Monge, Yoko Ono, Cecilia Paredes, Michelangelo Pistoletto, Tadej Pogacar & P.A.R.A.S.I.T.E musem, Marjetica Potrc, Raúl Quintanilla, Joaquín Rodríguez del Paso, Yasunao Tone, Humberto Vélez y Anto Vidokle.
653 1 0 _aArte contemporáneo
653 1 0 _aCatálogo de exhibición
653 1 0 _aExhibiciones
653 1 0 _aArte conceptual
653 1 0 _aEventos artísticos
653 1 0 _aArte interactivo
700 1 _aUlrich Obrist, Hans.
_ecurador.
_95867
700 1 _aPérez-Ratton, Virginia.
_ecuradora.
_9580
700 1 _aDíaz Bringas, Tamara.
_ecuradora.
_9832
999 _c1230
_d1230